Derecho penal italiano / (Record no. 46209)

MARC details
000 -LEADER
fixed length control field 00608nam a22001937a 4500
005 - DATE AND TIME OF LATEST TRANSACTION
control field 20150124125715.0
008 - FIXED-LENGTH DATA ELEMENTS--GENERAL INFORMATION
fixed length control field 131202t ag||||| |||| 00| 0 spa d
050 04 - LIBRARY OF CONGRESS CALL NUMBER
Classification number KKH4116
Item number G75 1949
100 1# - MAIN ENTRY--PERSONAL NAME
Personal name Grispigni, Filippo
245 10 - TITLE STATEMENT
Title Derecho penal italiano /
Statement of responsibility, etc Filippo Grispigni
250 ## - EDITION STATEMENT
Edition statement 2a ed.
260 ## - PUBLICATION, DISTRIBUTION, ETC. (IMPRINT)
Place of publication, distribution, etc Argentina :
Name of publisher, distributor, etc Depalma,
Date of publication, distribution, etc 1949
300 ## - PHYSICAL DESCRIPTION
Extent v. ;
Dimensions 24 cm.
490 0# - SERIES STATEMENT
Series statement vol no I. Las normas penales sinteticamente consideradas
500 ## - GENERAL NOTE
General note Traducción de : Diritto penale italiano
504 ## - BIBLIOGRAPHY, ETC. NOTE
Bibliography, etc Incluye bibliografía e índice
650 #7 - SUBJECT ADDED ENTRY--TOPICAL TERM
Source of heading or term Lemb
Topical term or geographic name as entry element Derecho penal
Geographic subdivision Italia
942 ## - ADDED ENTRY ELEMENTS (KOHA)
Source of classification or shelving scheme Clasificación Decimal Dewey
Koha item type Libro
Holdings
Estado de pérdida Fuente de clasificación Estado del daño No para préstamo Ubicación permanente Ubicación actual Apartado o colección Fecha de adquisición Clasificación Código de Barras Date last seen Número de copia Tipo de recurso
  Biblioteca del Cogreso de los Estados Unidos     Biblioteca Campus Ciudad Hidalgo Biblioteca Campus Ciudad Hidalgo General 02/12/2013 KKH4116 G75 1949 BCCH000000844 16/01/2015 C : 1 V I Libro